| 000 | 00724nam a2200229Ia 4500 | ||
|---|---|---|---|
| 005 | 20251020182529.0 | ||
| 008 | 200515s9999 xx 000 0 und d | ||
| 020 | _a978-.607-17-2094-8 | ||
| 082 | _a696.10/R74 | ||
| 100 | _aRodríguez Rocha, Julio César | ||
| 245 | 0 | _aInstalaciones Eléctricas : proyectos residenciales e industriales | |
| 250 | _a2a ed. | ||
| 260 | _aMéxico, D.F. | ||
| 260 | _bTrillas | ||
| 260 | _c2012 | ||
| 300 | _bil., tbl., planos | ||
| 500 | _a1 ejemplar | ||
| 520 | _aExponen el contenido a través de proyectos, bajo principio didáctico de aprender haciendo, con los enfoques modernos para la enseñanza. | ||
| 650 | _aINSTALACIONES ELECTRICAS | ||
| 942 | _cLIB | ||
| 999 |
_c2006 _d2006 |
||